Lazio 2020's Starting XI - Statistics

General Stats
  • This quiz has been taken 1,963 times
    32 since last reset
  • The average score is 23 of 33
Answer Stats
Player % Correct
Ciro Immobile
97%
Sergej Milinković-Savić
93%
Adam Marušić
90%
Alessio Romagnoli
90%
Pepe Reina
90%
Elseid Hysaj
86%
Felipe Anderson
86%
Ivan Provedel
86%
Luis Alberto
86%
Ștefan Radu
83%
Thomas Strakosha
83%
Valentín Castellanos
83%
Mattia Zaccagni
79%
Boulaye Dia
76%
Daichi Kamada
76%
Pedro
76%
Mario Gila
72%
Mattéo Guendouzi
72%
Francesco Acerbi
69%
Gustav Isaksen
69%
Lucas Leiva
69%
Nuno Tavares
66%
Senad Lulić
66%
Danilo Cataldi
59%
Joaquín Correa
59%
Patric
59%
Kenneth Taylor
55%
Manuel Lazzari
55%
Luiz Felipe
48%
Nicolò Rovella
45%
Nicolò Casale
38%
Toma Bašić
38%
Matteo Cancellieri
31%
No matching quizzes found
Score Distribution
Percent of People with Each Score
Percentile by Number Answered
Your Score History
You have not taken this quiz since the last reset